Statistics for West Ham United all-time top scorers

Click here to take the quiz!

General Stats

  • This quiz has been taken 18 times
  • The average score is 5 of 10

Answer Stats

GoalsNationalityPlayer% Correct
78England / JamaicaMichail Antonio
100%
58EnglandJarrod Bowen
73%
62EnglandMark Noble
67%
121EnglandSir Geoff Hurst
67%
55EnglandMartin Peters
53%
54EnglandSir Trevor Brooking
53%
118EnglandTony Cottee
53%
67EnglandCarlton Cole
47%
82EnglandJohnny Byrne
13%
56EnglandMarlon Harewood
13%

Score Distribution

Percentile by Number Answered

Percent of People with Each Score

Your Score History

You have not taken this quiz